书目信息 |
| 题名: |
产城融合背景下的产业园景观设计
|
|
| 作者: | 张亚南 著 | |
| 分册: | ||
| 出版信息: | 郑州 河南美术出版社 2024.07 |
|
| 页数: | 232页 | |
| 开本: | 26cm | |
| 丛书名: | ||
| 单 册: | ||
| 中图分类: | TU984.13 | |
| 科图分类: | ||
| 主题词: | 高技术园区--gao ji shu yuan qu--景观设计 | |
| 电子资源: | ||
| ISBN: | 978-7-5401-6346-4 | |
| 000 | 01005nam0 2200241 450 | |
| 001 | 91057 | |
| 005 | 20250816154138.49 | |
| 010 | @a978-7-5401-6346-4@dCNY98.00 | |
| 100 | @a20240909d2024 em y0chiy50 ea | |
| 101 | 0 | @achi |
| 102 | @aCN@b410000 | |
| 105 | @aa a 000yy | |
| 106 | @ar | |
| 200 | 1 | @a产城融合背景下的产业园景观设计@Achan cheng rong he bei jing xia de chan ye yuan jing guan she ji@f张亚南著 |
| 210 | @a郑州@c河南美术出版社@d2024.07 | |
| 215 | @a232页@c彩图@d26cm | |
| 320 | @a有书目 (第232页) | |
| 330 | @a本书作者从产业园四个发展阶段出发, 结合我国产城融合的背景, 以目前最有代表性的商务办公和科技研发两类园区为例, 阐述了景观在产业园区中的作用, 景观的设计理念、规划策略、设计方法以及设计要点。同时, 选取了青岛、合肥、上海、南京四个地区的十个优秀项目作为案例, 从不同的角度进行了讨论。 | |
| 606 | 0 | @a高技术园区@Agao ji shu yuan qu@x景观设计 |
| 690 | @aTU984.13@v5 | |
| 701 | 0 | @a张亚南@Azhang ya nan@4著 |
| 801 | 0 | @aCN@c20250909 |
| 905 | @a河南城建学院图书馆@dTU984.13@eZ225@f1 | |
| 产城融合背景下的产业园景观设计/张亚南著.-郑州:河南美术出版社,2024.07 |
| 232页:彩图;26cm |
| ISBN 978-7-5401-6346-4:CNY98.00 |
| 本书作者从产业园四个发展阶段出发, 结合我国产城融合的背景, 以目前最有代表性的商务办公和科技研发两类园区为例, 阐述了景观在产业园区中的作用, 景观的设计理念、规划策略、设计方法以及设计要点。同时, 选取了青岛、合肥、上海、南京四个地区的十个优秀项目作为案例, 从不同的角度进行了讨论。 |
| ● |
| 相关链接 |
|
|
|
正题名:产城融合背景下的产业园景观设计
索取号:TU984.13/Z225
 
预约/预借
| 序号 | 登录号 | 条形码 | 馆藏地/架位号 | 状态 | 备注 |
| 1 | 1625019 | 216250198 | 建筑库201/201建筑库 63排7列5层/ [索取号:TU984.13/Z225] | 在馆 |